| 000 | 00687cam a22002411 4500 | ||
|---|---|---|---|
| 001 | af 48001776 | ||
| 003 | DLC | ||
| 005 | 20260227110851.0 | ||
| 008 | 900330s1943 gw 000 1 ger c | ||
| 010 | _aaf 48001776 | ||
| 035 | _a(OCoLC)21288645 | ||
| 040 |
_aYale Univ. Library _cCU _dCU _dDLC |
||
| 042 | _apremarc | ||
| 050 | 0 | 0 |
_aPT1856 _b.E5 1943 |
| 100 | 1 |
_aEichendorff, Joseph, _cFreiherr von, _d1788-1857. |
|
| 245 | 0 | 4 |
_aDie Entführung. _bSchloss Dürande. Zwei Novellen. |
| 250 | _a[1. Aufl.] | ||
| 260 |
_aGütersloh, _bG. Bertelsmann _c[1943] |
||
| 300 |
_a76 p. _c18 cm. |
||
| 440 | 0 | _aKleine Feldpost-Reihe | |
| 740 | 4 | _aDie Entführung. | |
| 740 | 0 | _aSchloss Dürande. | |
| 999 |
_c4706 _d4706 |
||